000 04300nam a22002417a 4500
008 250513b |||||||| |||| 00| 0 eng d
020 _a9788411002431
040 _ctbs
041 _aspa
041 _heng
050 _aBF371
_b.R287 2025
100 _aRanganath, Charan
_925209
_eauthor
240 _aWhy we remember
_lSpanish.
245 _aPor qué recordamos
_b: la nueva ciencia de la memoria
_c/ Charan Ranganath ; translated by Gemma Dez Guil.
260 _aBarcelona :
_bEdicions 62,
_c2024.
300 _a404 pages ;
_c22 cm.
520 _aLa memoria es mucho más que un simple registro del pasado. En este innovador recorrido por la mente y el cerebro, uno de los principales investigadores del mundo en el campo de la memoria revela el papel fundamental que desempeña la memoria en casi todos los aspectos de nuestra vida: desde recordar rostros y nombres, hasta el aprendizaje, la toma de decisiones, el trauma y la sanación. Una nueva comprensión de la memoria está surgiendo gracias a las investigaciones científicas más recientes. En Por qué recordamos, el neurocientífico y psicólogo pionero Charan Ranganath replantea radicalmente la manera en que pensamos sobre el acto cotidiano de recordar. Combinando un lenguaje accesible con investigaciones de vanguardia, revela las sorprendentes formas en que nuestro cerebro registra el pasado y cómo usamos esa información para entender quiénes somos en el presente, así como para imaginar y planificar el futuro. El Dr. Ranganath muestra que la memoria es una fuerza profundamente transformadora que moldea nuestra experiencia del mundo de maneras a menudo invisibles y, en ocasiones, perjudiciales. Comprender esto puede ayudarnos con tareas diarias como encontrar las llaves, y también a enfrentar el desafío de la pérdida de memoria con la edad. Más aún, cuando aprendemos a trabajar con la capacidad del cerebro para aprender y reinterpretar eventos pasados, podemos sanar traumas, superar prejuicios, aprender más rápido y crecer en autoconciencia. Incluyendo estudios fascinantes y ejemplos de la cultura popular, y basándose en la vida personal de Ranganath como científico, padre e hijo de inmigrantes, Por qué recordamos es una lectura cautivadora que revela el papel oculto que desempeña la memoria a lo largo de nuestras vidas. Al comprender su poder —y sus peculiaridades—, podemos eliminar el ruido mental y recordar lo que realmente importa. Podemos tomar decisiones más libres y planificar un futuro más feliz.
520 _aMemory is far more than a record of the past. In this groundbreaking tour of the mind and brain, one of the world's top memory researchers reveals the powerful role memory plays in nearly every aspect of our lives, from recalling faces and names, to learning, decision-making, trauma and healing. A new understanding of memory is emerging from the latest scientific research. In Why We Remember, pioneering neuroscientist and psychologist Charan Ranganath radically reframes the way we think about the everyday act of remembering. Combining accessible language with cutting-edge research, he reveals the surprising ways our brains record the past and how we use that information to understand who we are in the present, and to imagine and plan for the future. Memory, Dr. Ranganath shows, is a highly transformative force that shapes how we experience the world in often invisible and sometimes destructive ways. Knowing this can help us with daily remembering tasks, like finding our keys, and with the challenge of memory loss as we age. What's more, when we work with the brain's ability to learn and reinterpret past events, we can heal trauma, shed our biases, learn faster, and grow in self-awareness. Including fascinating studies and examples from pop culture, and drawing on Ranganath's life as a scientist, father, and child of immigrants, Why We Remember is a captivating read that unveils the hidden role memory plays throughout our lives. When we understand its power -- and its quirks -- we can cut through the clutter and remember the things we want to remember. We can make freer choices and plan a happier future.
650 0 _aMemory
_99634
650 0 _aCognition
_96853
700 _aDez Gui, Gemma
_925210
_etranslator
942 _2lcc
999 _c4656
_d4656